| Tag |
First Indicator |
Second Indicator |
Subfields |
| LEADER |
00000cam a2200000 i 4500 |
| 001 |
in00004427713 |
| 005 |
20210816145342.0 |
| 006 |
m o d f |
| 007 |
cr ||||||||||| |
| 008 |
201218s2020 vauab ob f000 0 eng c |
| 019 |
|
|
|a 1231540230
|
| 035 |
|
|
|a (OCoLC)on1227300957
|
| 042 |
|
|
|a pcc
|
| 043 |
|
|
|a n-us-wv
|
| 040 |
|
|
|a GPO
|b eng
|e rda
|e pn
|c GPO
|d OCLCO
|d OCLCF
|d GPO
|d MvI
|
| 049 |
|
|
|a WWW
|
| 074 |
|
|
|a 0624-B-02 (online)
|
| 086 |
0 |
|
|a I 19.42/4-4:2019-5059
|
| 100 |
1 |
|
|a Kozar, Mark D.,
|e author.
|
| 245 |
1 |
0 |
|a Groundwater quality and geochemistry of West Virginia's southern coal fields /
|c by Mark D. Kozar, Mitchell A. McAdoo, and Karl B. Haase.
|
| 250 |
|
|
|a Version 1.1, March 2020.
|
| 264 |
|
1 |
|a Reston, Virginia :
|b U.S. Department of the Interior, U.S. Geological Survey,
|c 2020.
|
| 300 |
|
|
|a 1 online resource (x, 78 pages) :
|b illustrations (some color), color maps.
|
| 336 |
|
|
|a text
|b txt
|2 rdacontent
|
| 337 |
|
|
|a computer
|b c
|2 rdamedia
|
| 338 |
|
|
|a online resource
|b cr
|2 rdacarrier
|
| 490 |
1 |
|
|a Scientific investigations report,
|x 2328-0328 ;
|v 2019-5059
|
| 500 |
|
|
|a "Prepared in cooperation with the West Virginia Department of Health and Human Resources, Office of Environmental Health Services and the West Virginia Department of Environmental Protection, Division of Water and Waste Management."
|
| 504 |
|
|
|a Includes bibliographical references (pages 68-73).
|
| 588 |
|
|
|a Description based on online resource, PDF version; title from title page (USGS, viewed Dec. 18, 2020).
|
| 650 |
|
0 |
|a Groundwater
|x Quality
|z West Virginia.
|
| 650 |
|
0 |
|a Water quality management
|z West Virginia.
|
| 650 |
|
0 |
|a Water
|x Pollution
|z West Virginia.
|
| 650 |
|
0 |
|a Coal mines and mining
|x Environmental aspects
|z West Virginia.
|
| 650 |
|
7 |
|a Coal mines and mining
|x Environmental aspects.
|2 fast
|0 (OCoLC)fst00865384
|
| 650 |
|
7 |
|a Groundwater
|x Quality.
|2 fast
|0 (OCoLC)fst00948294
|
| 650 |
|
7 |
|a Water
|x Pollution.
|2 fast
|0 (OCoLC)fst01171279
|
| 650 |
|
7 |
|a Water quality management.
|2 fast
|0 (OCoLC)fst01171900
|
| 651 |
|
7 |
|a West Virginia.
|2 fast
|0 (OCoLC)fst01205316
|
| 700 |
1 |
|
|a McAdoo, Mitchell A.,
|e author.
|
| 700 |
1 |
|
|a Haase, Karl B.,
|e author.
|
| 710 |
2 |
|
|a Geological Survey (U.S.),
|e issuing body.
|
| 710 |
1 |
|
|a West Virginia.
|b Office of Environmental Health Services.
|
| 710 |
1 |
|
|a West Virginia.
|b Division of Water and Waste Management.
|
| 776 |
0 |
8 |
|i Print version:
|a Kozar, Mark D.
|t Groundwater quality and geochemistry of West Virginia's southern coal fields
|w (DLC) 2020448026
|w (OCoLC)1230255682
|
| 830 |
|
0 |
|a Scientific investigations report ;
|v 2019-5059.
|
| 856 |
4 |
0 |
|u https://purl.fdlp.gov/GPO/gpo147817
|t 0
|
| 999 |
f |
f |
|s 347fe766-2410-3098-9786-e082a3fed090
|i 4b8222ad-d04a-38f6-90e0-857f0148b8aa
|t 0
|
| 952 |
f |
f |
|a Texas A&M University
|b College Station
|c Electronic Resources
|d Available Online
|t 0
|e I 19.42/4-4:2019-5059
|h Superintendent of Documents classification
|
| 998 |
f |
f |
|a I 19.42/4-4:2019-5059
|t 0
|l Available Online
|